<?xml version="1.0" encoding="UTF-8"?>
<marc:record xmlns:marc="http://www.loc.gov/MARC21/slim">
   <marc:leader>00000nam a2200000 a 4500</marc:leader>
   <marc:datafield ind1="1" ind2=" " tag="100">
      <marc:subfield code="a">Kienle, Dela</marc:subfield>
      <marc:subfield code="4">aut</marc:subfield>
      <marc:subfield code="e">Verfasser/-in</marc:subfield>
   </marc:datafield>
   <marc:datafield ind1="0" ind2="0" tag="245">
      <marc:subfield code="a">Mittelalter</marc:subfield>
   </marc:datafield>
   <marc:datafield ind1="0" ind2="0" tag="245">
      <marc:subfield code="b">Text und Konzept: Dela Kienle ; Illustrationen: Anne Bernhardi ; Hörspielfassung: Marie-Charlott Goroncy ; Sprecher: Die Kinder Juna Robin, Johann Hendrik, Luna, Mathis, Marlon &amp; Katinka sowie Sarah Theel, Robert Missler [und 7 weitere</marc:subfield>
   </marc:datafield>
   <marc:datafield ind1=" " ind2="1" tag="264">
      <marc:subfield code="b">Jumbo</marc:subfield>
      <marc:subfield code="c">2015</marc:subfield>
   </marc:datafield>
   <marc:datafield ind1="1" ind2=" " tag="520">
      <marc:subfield code="a">Die WissensProfis machen sich auf die Suche nach Überresten aus dem Mittelalter und finden schnell heraus, dass in fast 1000 Jahren viel passiert ist. Die vier Freunde wollen es genau wissen: In einem Museumsdorf erleben sie den oft harten Alltag des Mittelalters und machen viele spannende Entdeckungen.</marc:subfield>
   </marc:datafield>
   <marc:datafield ind1=" " ind2=" " tag="020">
      <marc:subfield code="a">9783833734915</marc:subfield>
      <marc:subfield code="9">9783833734915</marc:subfield>
   </marc:datafield>
</marc:record>
